[Event "Wiesbaden op 28th"]
[Site "Wiesbaden"]
[Date "2016.08.25"]
[Round "1"]
[White "Klinke, Roland"]
[Black "Stuhlmann, Florian"]
[Result "0-1"]
[WhiteElo "1438"]
[BlackElo "1850"]
[PlyCount "46"]
[EventDate "2016.08.25"]
[EventType "swiss"]
[EventRounds "7"]
[EventCountry "GER"]
[SourceTitle "CBM 174 Extra"]
[Source "ChessBase"]
[SourceDate "2016.10.10"]
[SourceVersion "1"]
[SourceVersionDate "2016.10.10"]
[SourceQuality "1"]

1. d4 d5 2. c4 e6 3. Nf3 Nf6 4. Nc3 c5 5. cxd5 Nxd5 6. e4 Nxc3 7. bxc3 cxd4 8. cxd4 Bb4+ 9. Bd2 Bxd2+ 10. Qxd2 0-0 11. Bc4 Nd7 12. 0-0 Nf6 13. Rfe1 b6 14. Ne5 Bb7 15. f3 Qe7 16. Rab1 Rfd8 17. Red1 Rac8 18. Qb4 Qc7 19. a4 Nd7 20. Nxd7 Qxc4 21. Ne5 Qe2 22. Rd2 Qe3+ 23. Kf1 Ba6+ 0-1

[Event "Rheinland Pfalz op 8th"]
[Site "Reil an der Mosel"]
[Date "2016.05.28"]
[Round "6"]
[White "Pikatz, Frank"]
[Black "Klinke, Roland"]
[Result "1-0"]
[WhiteElo "1672"]
[BlackElo "1490"]
[PlyCount "65"]
[EventDate "2016.05.26"]
[EventType "swiss"]
[EventRounds "7"]
[EventCountry "GER"]
[SourceTitle "EXT 2018"]
[Source "ChessBase"]
[SourceDate "2017.10.13"]
[SourceVersion "1"]
[SourceVersionDate "2017.10.13"]
[SourceQuality "1"]

1. Nf3 Nf6 2. g3 e6 3. d3 d5 4. Bg2 Nc6 5. 0-0 Bd6 6. Nbd2 0-0 7. Re1 Bd7 8. e4 dxe4 9. dxe4 e5 10. Nc4 Qe7 11. a4 Rfd8 12. Qe2 Bc5 13. c3 a5 14. h3 h6 15. Nh4 Re8 16. Nf5 Bxf5 17. exf5 Rad8 18. Bxc6 bxc6 19. Nxa5 Rd6 20. Nb7 Rd7 21. Nxc5 Qxc5 22. Be3 Qe7 23. b4 Nd5 24. Bc5 Nxc3 25. Qc4 Qg5 26. Qxc3 Qxf5 27. g4 Qf6 28. a5 Red8 29. Qxe5 Qg6 30. Qe4 Qf6 31. Be7 Qc3 32. Bxd8 Rxd8 33. Rad1 1-0

[Event "Eschborn op 11th"]
[Site "Eschborn"]
[Date "2014.09.05"]
[Round "1"]
[White "Klinke, Roland"]
[Black "Schellen, Sven"]
[Result "0-1"]
[WhiteElo "1042"]
[BlackElo "1768"]
[PlyCount "35"]
[EventDate "2014.09.05"]
[EventType "swiss"]
[EventRounds "5"]
[EventCountry "GER"]
[SourceTitle "EXT 2015"]
[Source "ChessBase"]
[SourceDate "2014.11.20"]
[SourceVersion "1"]
[SourceVersionDate "2014.11.20"]
[SourceQuality "1"]

1. c4 Nf6 2. Nc3 g6 3. e4 d6 4. d4 Bg7 5. Nf3 0-0 6. Be2 c5 7. 0-0 cxd4 8. Nxd4 Nc6 9. Be3 a6 10. Rb1 Bd7 11. Qd2 Qc7 12. b3 Ng4 13. Nxc6 bxc6 14. Bd4 Bh6 15. Qd1 e5 16. Bxe5 Nxe5 17. Qc2 f5 18. f4 0-1